| 000 | 01347nam0a2200349 4500 | ||
|---|---|---|---|
| 001 | RU\NLR\bibl\68556 | ||
| 005 | 20260405211258.0 | ||
| 010 |
_a5-200-02353-Х _93060 |
||
| 021 |
_aRU _b1999-45929 _92267 |
||
| 035 | _a(NLR Aleph) 000066871 | ||
| 090 |
_a366956 _c366956 |
||
| 100 | _a20000204d1999 |||y0rusy50 ca | ||
| 101 | 0 |
_arus _aeng |
|
| 102 | _aRU | ||
| 105 | _ay ||||||||| | ||
| 200 | 1 |
_aЯ читаю по-русски _dI read Russian _eКн. для чтения со слов. _e[Для обучения чтению иностр. учащихся] _fИ.К. Гапочка _zeng |
|
| 210 |
_aМ. _cРус. яз. _d1999 |
||
| 215 |
_a123 с. _d22 |
||
| 300 | _aАвт. также на англ. яз.: I.K. Gapochka | ||
| 300 | _aЧасть текста на англ. яз. | ||
| 510 | 1 |
_6z20790 _aI read Russian _zeng |
|
| 606 | 0 |
_aРусский язык _jХрестоматии _91533567 _3RU\NLR\auth\66969347 |
|
| 686 | _aШ141.12-93англ91 | ||
| 700 | 1 |
_4070 _8rus _7ca _aГапочка _bИ. К. _gИнна Константиновна _3RU\NLR\auth\7794417 _977343 |
|
| 790 | 1 |
_6z20510 _aGapočka _bI. K. _gInna Konstantinovna _4070 |
|
| 801 | 0 |
_aRU _bNLR _c20000204 _gPSBO |
|
| 801 | 1 |
_aRU _bNLR _c20000204 |
|
| 830 | _aАвт. по кн. | ||
| 852 |
_aNLR _j99-5/4569 |
||
| 942 | _cBOOK | ||
| 980 | _aNB | ||